Catalog

Record Details

Catalog Search



Normativní základy rodinné politiky - co by stát mohl a měl v rámci rodinné politiky dělat a co ne : sborník z česko-německé-rakouské konference Cover Image Book Book

Normativní základy rodinné politiky - co by stát mohl a měl v rámci rodinné politiky dělat a co ne : sborník z česko-německé-rakouské konference Národní centrum pro rodinu

Record details

  • Physical Description: 107 s.
  • Publisher: Brno Národní centrum pro rodinu 2002

Content descriptions

General Note:
Sborník z česko-německo-rakouské konference, Praha 10.-11. 12. 2001.

Available copies

  • 1 of 1 copy available at Common Catalog SPOK.

Holds

  • 0 current holds with 1 total copy.
Show All Copies
Location Call Number / Copy Notes Barcode Shelving Location Status Due Date
ETS Library 353.5331 424470010336 Volný výběr Available -

LDR 00976nam a2 00241
00134074
003CZ-PrJAB
00520021031000000.0
008021021s2002 xr e |||| |cze
009cz
035 . ‡a(CONS)6523
035 . ‡aKPS11098
040 . ‡aABG450
041 . ‡acze
08214. ‡a353.5331
110 . ‡aNárodní centrum pro rodinu
245 . ‡aNormativní základy rodinné politiky - co by stát mohl a měl v rámci rodinné politiky dělat a co ne : ‡bsborník z česko-německé-rakouské konference ‡cNárodní centrum pro rodinu
260 . ‡aBrno ‡bNárodní centrum pro rodinu ‡c2002
300 . ‡a107 s.
500 . ‡aSborník z česko-německo-rakouské konference, Praha 10.-11. 12. 2001.
653 . ‡aNormativní základy rodinné politiky - co by stát mohl a měl v rámci rodinné politiky dělat a co ne sborník z česko-německé-rakouské konference
8524 . ‡bETS ‡bETS ‡cVolný výběr ‡j353.5331 ‡gA ‡p424470010336
910 . ‡aABG450
999 . ‡a6523 ‡bAUTOGEN ‡c6523 ‡tbiblio
905 . ‡uadmin
901 . ‡a34074 ‡b ‡c34074 ‡tbiblio ‡sets

Additional Resources